Anagrammes des marques de vêtement - Statistiques

Statistiques générales
  • Ce quiz a été pris 861 fois
  • Le résultat moyen est 4 sur 15
Statistiques - réponses
Anagramme Marque % Correct
azar Zara
97%
cugic Gucci
72%
saddai Adidas
61%
satocle Lacoste
28%
boye Obey
26%
guossobh Hugo Boss
25%
totinlusouvi Louis Vuitton
25%
kisquervil Quiksilver
24%
kebrahs Bershka
21%
rabomtribechf&cei Abercrombie & Fitch
19%
sileed Diesel
12%
baulplandre Pull And Bear
6%
loleriths Hollister
5%
cablennawe New Balance
5%
mardunrerou Under Armour
4%
Aucun quiz correspondant
Distribution des résultats
% des personnes avec chaque résultat
Percentile par nombre de réponses
Votre historique - résultats
Vous n’avez pas pris ce quiz